Normal view
MARC view
Entry Geographic Name
001 - CONTROL NUMBER
- control field: 5828
003 - CONTROL NUMBER IDENTIFIER
- control field: BD-RjUL
005 - DATE AND TIME OF LATEST TRANSACTION
- control field: 20221114110249.0
008 - FIXED-LENGTH DATA ELEMENTS
- fixed length control field: 221114|| aca||aabn | a|a d
040 ## - CATALOGING SOURCE
- Original cataloging agency: BD-RjUL
- Transcribing agency: BD-RjUL
151 ## - HEADING--GEOGRAPHIC NAME
- Geographic name: Collection of biographies
- Geographic subdivision: Bangladesh
- Chronological subdivision: 20th century
670 ## - SOURCE DATA FOUND
- Source citation: Work cat.: (BD-RjUL)80768: মামুন, রাশেদ 5826, কিংবদন্তি ২৫ /, ২০১৯